000 00683nam a2200289Ia 4500
005 20260324130724.0
008 008 260324s9999 xx 000 0 eng d
020 _a9781315711218
037 _aEBOOK
040 _aCRL
040 _beng
040 _cCRL
041 _2eng
041 _aeng
084 _qCRL
100 _aLowell K. Handy
_91182857
245 0 _aJonah's World
245 0 _bSocial Science and the Reading of Prophetic Story
260 _bTaylor and Francis
260 _c2007
365 _a
365 _b230
856 _uhttp://www.taylorfrancis.com/books/9781315711218
942 _cEBOOK
999 _c1779264
_d1779264